Central Library OPAC University of Rajshahi

The Truth about the Nagy affair : (Record no. 26221)

MARC details
000 -LEADER
fixed length control field 00982cam a22002651 4500
001 - CONTROL NUMBER
control field 26221
003 - CONTROL NUMBER IDENTIFIER
rucl marc code BD-RjUL
005 - DATE AND TIME OF LATEST TRANSACTION
control field 20211209051003.0
008 - FIXED-LENGTH DATA ELEMENTS--GENERAL INFORMATION
fixed length control field 140320t1959 enk 000 0 eng
035 ## - SYSTEM CONTROL NUMBER
System control number (BD-RjUL) 26291
System control number (OCoLC)3251913
040 ## - CATALOGING SOURCE
Original cataloging agency DLC
Transcribing agency KyLoU
Modifying agency OCoLC
-- Uk
-- DLC
-- BD-RjUL
Language of cataloging eng
041 ## - LANGUAGE CODE
Language code of text/sound track or separate title eng
082 04 - DEWEY DECIMAL CLASSIFICATION NUMBER
Classification number 943.9105
Author mark and year TRU 1959
245 04 - TITLE STATEMENT
Title The Truth about the Nagy affair :
Remainder of title facts, documents, comments /
Statement of responsibility, etc. With a pref. by Albert Camus.
260 ## - PUBLICATION, DISTRIBUTION, ETC. (IMPRINT)
Place of publication, distribution, etc. London ;
Name of publisher, distributor, etc. Published for the Congress for Cultrual Freedom by Secker & Warburg;
Place of publication, distribution, etc. New York :
Name of publisher, distributor, etc. F. A. Praeger,
Date of publication, distribution, etc. 1959.
300 ## - PHYSICAL DESCRIPTION
Pagination 215 p. :
Illustrations illus. ;
Size 26 cm.
500 ## - GENERAL NOTE
General note "This work has been produced by a group of friends and former colleagues of Imre Nagy living outside Hungary".
600 10 - SUBJECT ADDED ENTRY--PERSONAL NAME
Personal name Nagy, Imre,
Dates associated with a name 1896-1958.
651 #0 - SUBJECT ADDED ENTRY--GEOGRAPHIC NAME
Geographic name Hungary
General subdivision Foreign public opinion.
9 (RLIN) 80606
700 1# - ADDED ENTRY--PERSONAL NAME
Personal name Camus, Albert
942 ## - ADDED ENTRY ELEMENTS (KOHA)
Source of classification or shelving scheme Dewey Decimal Classification
Koha item type Books
Holdings
Lost status Source of classification or shelving scheme Damaged status Not for loan Collection code Permanent Location Current Location Shelving location Date acquired Source of acquisition Total Checkouts Full call number Date last seen Copy number Koha item type
  Dewey Decimal Classification   Added to bundle Non-fiction Central Library, University of Rajshahi Central Library, University of Rajshahi Reading Room 03/01/1961 New delhi   943.9105 TRU 1959 20/03/2014 C-1 Books